Loading...
| Beliefs | 0 | 4 | 0 | 1 | 40 | 97 | 114.25 | 0 | 4 | 0.00 | 0.00 |
| 0 | 3 | 0 | 0 | 30 | 55 | 91.67 | 0 | 3 | 0.00 | 0.00 | |
| Literature - American | 0 | 3 | 0 | 2 | 30 | 109 | 128.67 | 1 | 3 | 0.00 | 0.00 |
| Social Science | 0 | 3 | 0 | 1 | 30 | 79 | 109.67 | 1 | 3 | 0.00 | 0.00 |
| Other Science: Math | 0 | 2 | 0 | 0 | 20 | 115 | 117.00 | 1 | 2 | 0.00 | 0.00 |
| History - European | 0 | 2 | 0 | 1 | 20 | 121 | 125.50 | 1 | 2 | 0.00 | 0.00 |
| Geography | 1 | 1 | 1 | 0 | 20 | 86 | 93.50 | 1 | 2 | 0.00 | 0.00 |
| Fine Arts - Auditory | 0 | 2 | 0 | 0 | 20 | 84 | 109.50 | 0 | 2 | 0.00 | 0.00 |
| Science - Physics | 1 | 0 | 0 | 0 | 15 | 57 | 57.00 | 1 | 1 | 0.00 | 0.00 |
| Other Arts: Auditory | 0 | 1 | 0 | 0 | 10 | 95 | 95.00 | 0 | 1 | 0.00 | 0.00 |
| Philosophy | 0 | 1 | 0 | 0 | 10 | 131 | 131.00 | 0 | 1 | 0.00 | 0.00 |
| Religion | 0 | 1 | 0 | 0 | 10 | 106 | 106.00 | 1 | 1 | 0.00 | 0.00 |
| Other Arts: Visual | 0 | 1 | 0 | 0 | 10 | 74 | 74.00 | 0 | 1 | 0.00 | 0.00 |
| History - American | 0 | 1 | 0 | 1 | 10 | 151 | 151.00 | 0 | 1 | 0.00 | 0.00 |
| History - World | 0 | 1 | 0 | 0 | 10 | 128 | 128.00 | 1 | 1 | 0.00 | 0.00 |
| Current Events | 0 | 1 | 0 | 0 | 10 | 64 | 64.00 | 1 | 1 | 0.00 | 0.00 |
| Other Academic | 0 | 1 | 0 | 0 | 10 | 120 | 120.00 | 1 | 1 | 0.00 | 0.00 |
| Fine Arts - Visual | 0 | 1 | 1 | 0 | 5 | 59 | 59.00 | 1 | 1 | 0.00 | 0.00 |